MLB Active 150-Save Club Members - Statistics

General Stats
  • This quiz has been taken 37 times
    15 since last reset
  • The average score is 7 of 8
Answer Stats
Saves Pitcher Team % Correct
440 Craig Kimbrel Orioles
100%
445 Kenley Jansen Red Sox
100%
220 Edwin Díaz Mets
92%
151 Emmanuel Clase Guardians
92%
194 Josh Hader Astros
85%
325 Aroldis Chapman Pirates
77%
218 Raisel Iglesias Braves
77%
177 David Robertson Rangers
38%
No matching quizzes found
Score Distribution
Percent of People with Each Score
Percentile by Number Answered
Your Score History
You have not taken this quiz since the last reset